000 nam a22 7a 4500
999 _c29134
_d29134
008 171109b xxu||||| |||| 00| 0 eng d
020 _a9780521731751
050 _aPE 1112 .E5 2011
100 _d2011
245 _aEnglish grammar today:
_ban A-Z of spoken and written grammar.
260 _aNew York:
_bCambridge,
_c2011.
300 _avii,645p.
_eCD
650 _aEnglish grammar
942 _2lcc
_cBOOKS
_09